| 000 | 01416nam a22002177a 4500 | ||
|---|---|---|---|
| 999 |
_c62847 _d62847 |
||
| 003 | Ge_BSU | ||
| 005 | 20250307170245.0 | ||
| 008 | 250307s1978 ge ||||| |||| 00| 0 geo d | ||
| 041 | _ageo | ||
| 080 | _a615.89(479.22) ფ-23 | ||
| 100 |
_aფანასკერტელი-ციციშვილი, ზაზა _924493 |
||
| 245 |
_aსამკურნალო წიგნი : _bკარაბადინი / _cზაზა ფანასკერტელი-ციციშვილი ; ტექსტი მოამზადა, გამოკვლევები, შენიშვნები, საძიებლები და ლექსიკონი დაურთო მ. შენგელიამ. |
||
| 264 |
_aთბ. : _bსაბჭ. საქართველო, _c1978. |
||
| 300 |
_a1009 გვ. : _b 1 ფ. პორტრ. ; _c21 სმ. |
||
| 501 | _aშენიშვნები: გვ. 793-807. ლექსიკონი: გვ. 808-890. საძიებლები: გვ. 891-1007. | ||
| 653 | _aქართული ხალხური მედიცინა | ||
| 653 | _aმედიცინის ისტორია | ||
| 700 |
_aკანდელაკი, ე. _eრედაქტორი. _922387 |
||
| 700 |
_aავსაჯანიშვილი, გ. _eმხატვარი _99123 |
||
| 942 |
_2udc _cᲬᲘᲒᲜᲘ |
||